[Event "ROM-ch U14"]
[Site "Calimanesti"]
[Date "2018.04.03"]
[Round "9"]
[White "Udroiu, Mihnea Alexandru"]
[Black "Carpenis, Eduard Georgian Mih"]
[Result "0-1"]
[WhiteElo "1006"]
[BlackElo "1281"]
[PlyCount "80"]
[EventDate "2018.03.27"]
[EventType "swiss"]
[EventRounds "9"]
[EventCountry "ROU"]
[SourceTitle "CBM 183 Extra"]
[Source "ChessBase"]
[SourceDate "2018.04.19"]
[SourceVersion "1"]
[SourceVersionDate "2018.04.19"]
[SourceQuality "1"]

1. e4 e6 2. Nf3 d5 3. exd5 exd5 4. h3 Nf6 5. Bd3 Bd6 6. 0-0 0-0 7. Nc3 Be6 8. Ng5 h6 9. Nxe6 fxe6 10. Be2 c6 11. d4 Nbd7 12. Bh5 Nxh5 13. Qxh5 Nf6 14. Qg6 Kh8 15. g4 Qe7 16. g5 hxg5 17. Bxg5 Qf7 18. Qxf7 Rxf7 19. Bxf6 gxf6 20. f4 Rg8+ 21. Kh1 Rh7 22. Rf3 Bxf4 23. Rg1 Bg5 24. Na4 b6 25. b3 Rh4 26. Rg4 Rxg4 27. hxg4 Kg7 28. c4 Rh8+ 29. Kg2 Kf7 30. c5 b5 31. Nb2 Rh4 32. Rg3 Bf4 33. Rh3 Rxh3 34. Kxh3 Be3 35. a4 a6 36. a5 Bxd4 37. Nd3 Bc3 38. b4 e5 39. Kh4 e4 40. Nf4 Bxb4 0-1

[Event "ROM-ch U14"]
[Site "Calimanesti"]
[Date "2018.03.30"]
[Round "5"]
[White "Titu, Robert Stefan"]
[Black "Udroiu, Mihnea Alexandru"]
[Result "1-0"]
[WhiteElo "1248"]
[BlackElo "1006"]
[PlyCount "51"]
[EventDate "2018.03.27"]
[EventType "swiss"]
[EventRounds "9"]
[EventCountry "ROU"]
[SourceTitle "CBM 183 Extra"]
[Source "ChessBase"]
[SourceDate "2018.04.19"]
[SourceVersion "1"]
[SourceVersionDate "2018.04.19"]
[SourceQuality "1"]

1. e4 e5 2. Nf3 d6 3. Nc3 a6 4. Bc4 Bg4 5. Bxf7+ Kxf7 6. Nxe5+ dxe5 7. Qxg4 Nf6 8. Qf3 c6 9. d3 h6 10. 0-0 b5 11. Be3 a5 12. Rad1 c5 13. Nxb5 Qb6 14. a4 Nc6 15. c3 Rd8 16. Rd2 Na7 17. Nxa7 Qxa7 18. Rfd1 Qb7 19. Qf5 Qc7 20. d4 g6 21. Qf3 Kg7 22. dxe5 Nd7 23. Bf4 Be7 24. e6 Ne5 25. Bxe5+ Qxe5 26. Qf7# 1-0